Famous Works by Mozart - Statistics

General Stats
  • This quiz has been taken 125 times
    111 since last reset
  • The average score is 6 of 12
Answer Stats
Hint Answer % Correct
He left this funeral mass unfinished after his death Requiem
82%
A masonic singspiel with Papageno and the Queen of the Night The Magic Flute
80%
Nickname of his last symphony Jupiter
77%
Opera about a famous Spanish seducer Don Giovanni
72%
Last movement of his piano sonata no. 11 {Turkish} Rondo
61%
Mozart had an affinity for this relatively new instrument {Clarinet} Concerto in A major
58%
An opera sequel to The Barber of Seville The Marriage of Figaro
58%
His serenade no. 13 is better known as this Eine kleine Nachtmusik
53%
Two men test their fiancées' fidelity in this opera Così fan tutte
41%
Nickname of his symphony no. 35 Haffner
37%
Nickname of his string quartet no. 19 Dissonance
17%
Nickname for his trio for clarinet, viola and piano Kegelstatt
4%
No matching quizzes found
Score Distribution
Percent of People with Each Score
Percentile by Number Answered
Your Score History
You have not taken this quiz since the last reset